|
|
|
|
| LEADER |
00000nam0a2200000 4500 |
| 001 |
222225 |
| 005 |
20231101230442.0 |
| 010 |
|
|
|a 9785222198131
|
| 035 |
|
|
|a (RuTPU)RU\TPU\book\242409
|
| 090 |
|
|
|a 222225
|
| 100 |
|
|
|a 20120920d2012 m y0rusy50 ca
|
| 101 |
0 |
|
|a rus
|
| 102 |
|
|
|a RU
|
| 105 |
|
|
|a a j 001zy
|
| 200 |
1 |
|
|a Водоотведение и водоснабжение: учебное пособие для бакалавров/ Е. Н. Белоконев, Т. Е. Попова, Г. Н. Пурас
|e учебное пособие для бакалавров
|f Е. Н. Белоконев, Т. Е. Попова, Г. Н. Пурас
|
| 205 |
|
|
|a 2-е изд.
|
| 210 |
|
|
|a Ростов-на-Дону
|c Феникс
|d 2012
|
| 215 |
|
|
|a 379 с.
|c ил.
|
| 225 |
1 |
|
|a Высшее образование
|
| 320 |
|
|
|a Библиогр.: с. 375-379.
|
| 330 |
|
|
|a В учебном пособии рассмотрены принципиальные схемы бытовой, производственной и дождевой канализации и место ёмкостных сооружений в них, назначение и конструктивные решения железобетонных емкостных очистных сооружений и сооружений водоснабжения, вопросы привязки типовых проектов к местным условиям, основные положения расчета прочности и конструирования ёмкостных сооружений и их основных несущих элементов, приведены примеры расчета несущих элементов сооружений. Предназначено для изучения специальных разделов дисциплин: «Водоотведение и очистка сточных вод», «Водоснабжение», «Инженерные конструкции и основы архитектуры», а также для дипломного и курсового проектирования. Рекомендуется для бакалавров, обучающихся по направлениям «Строительство», «Природообустройство», «Водные ресурсы и водопользование». Пособие может быть использовано специалистами в области проектирования, строительства, эксплуатации и реконструкции систем водоотведения, водоснабжения и очистки сточных вод, а также систем ливневой канализации.
|
| 606 |
1 |
|
|a Канализация
|x Санитарная техника
|2 stltpush
|3 (RuTPU)RU\TPU\subj\13690
|9 40263
|
| 606 |
1 |
|
|a Водоснабжение
|2 stltpush
|3 (RuTPU)RU\TPU\subj\69529
|9 84347
|
| 610 |
1 |
|
|a канализационные сооружения
|
| 610 |
1 |
|
|a водоотведение
|
| 610 |
1 |
|
|a канализационные сети
|
| 610 |
1 |
|
|a колодцы
|
| 610 |
1 |
|
|a сточные воды
|
| 610 |
1 |
|
|a хозяйственно-бытовые воды
|
| 610 |
1 |
|
|a производственные воды
|
| 610 |
1 |
|
|a очистка
|
| 610 |
1 |
|
|a поверхностные стоки
|
| 610 |
1 |
|
|a емкостные очистные сооружения
|
| 610 |
1 |
|
|a функциональное предназначение
|
| 610 |
1 |
|
|a классификация
|
| 610 |
1 |
|
|a конструктивные решения
|
| 610 |
1 |
|
|a железобетонные сооружения
|
| 610 |
1 |
|
|a конструирование
|
| 610 |
1 |
|
|a прочностный расчет
|
| 610 |
1 |
|
|a статический расчет
|
| 610 |
1 |
|
|a расчетные схемы
|
| 610 |
1 |
|
|a учебные пособия
|
| 675 |
|
|
|a 628.2(075.8)
|v 3
|
| 675 |
|
|
|a 628.1(075.8)
|v 3
|
| 700 |
|
1 |
|a Белоконев
|b Е. Н.
|g Евгений Никитович
|
| 701 |
|
1 |
|a Попова
|b Т. Е.
|g Татьяна Евгеньевна
|
| 701 |
|
1 |
|a Пурас
|b Г. Н.
|g Геннадий Николаевич
|
| 801 |
|
1 |
|a RU
|b 63413507
|c 20120920
|
| 801 |
|
2 |
|a RU
|b 63413507
|c 20200114
|g RCR
|
| 900 |
|
|
|a Водоснабжение и водоотведение
|
| 942 |
|
|
|c BK
|
| 951 |
|
|
|l 8
|
| 959 |
|
|
|a 118/20120919
|d 2
|e 333,20
|f ЧЗТЛ:1
|f АНЛ:1
|
| 959 |
|
|
|a 141/20131029
|d 8
|e 387,50
|f УФ:8
|